Najpopularniejsi raperzy w tym tygodniu . 05-11.02 - Statystyki

Ogólne statystyki
  • Ten quiz został rozwiązany 24 razy
  • Średni wynik to 9 z 15
Statystyki odpowiedzi
Miejsce w poprzednim tygodniu Wyświetlenia Raper % Poprawnych
#15 2.30M Mata
87%
#1 6.85M Bedoes
83%
#13 2.46M White 2115
78%
#6 4.08M Kizo
74%
#7 3.65M Żabson
74%
#2 5.79M Guzior
70%
#12 3.05M Paluch
65%
#11 3.03M Quebonafide
65%
#3 5.63M Szpaku
61%
#5 4.57M Kabe
57%
#10 3.57M Kali
52%
#8 3.81M Sobel
52%
#4 4.30M Tymek
52%
#14 2.16M Malik Montana
48%
#9 3.80M Major SPZ
22%
Nie znaleziono quizów pasujących do podanych kryteriów
Rozkład punktacji
Procent ludzi z każdym wynikiem
Percentyl według liczby udzielonych odpowiedzi
Twoja historia wyników
Nie rozwiązałeś tego quizu